Top Food Allergens - Statistics

General Stats
  • This quiz has been taken 23 times
  • The average score is 5 of 9
Answer Stats
Answer % Correct
Milk
86%
Peanuts
81%
Fish
67%
Eggs
62%
Wheat
52%
Crustaceans/Shellfish
43%
Soy
43%
Sesame
38%
Tree Nuts
38%
No matching quizzes found
Score Distribution
Percent of People with Each Score
Percentile by Number Answered
Your Score History
You have not taken this quiz